000 00847nam a22002175i 4500
001 161356
003 ES-MaACL
005 20250724063423.0
008 000107s1878 sp |||| | spa d
040 _aCCPB | B
_bspa
_cCCPB | B
080 _a929(460.355 Jerez)
080 _a94(460.355 Jerez)
100 1 _aParada y Barreto, Diego Ignacio,
_d1829-1881
_9130822
245 1 0 _aHombres ilustres de la ciudad de Jerez de la Frontera
_b: precedidos de un resumen histórico de la misma poblacion /
_cpor Diego Ignacio Parada y Barreto.
260 _aJerez :
_b[s.n.],
_c1878 (
_fImprenta del Guadalete, á cargo de Tomás Bueno)
300 _a16, XC, 508 p. ;
_c24 cm.
650 4 _aJerezanos-
_xBiografías.
_9142362
651 4 _aJerez de la Frontera-
_xHistoria.
_9142363
852 _aES-MaACL
_jG-15528
999 _c161356
_d161356